000 00457nam a2200169 i 4500
001 49407
003 ES-MaACL
005 20230906161940.0
007 t|
008 030715s1958 sp ||||1| spa d
100 1 _aCorvalán, Stella.
_940963
245 1 0 _a10 obras /
_cStella Corvalán.
260 _aMadrid :
_b[s.n.,
_c1958] (
_fGráficas Sánchez)
300 _aXXIV, 790 p. ;
_c21 cm.
740 0 _aDiez obras.
852 _aES-MaACL
_jC-14030
_bR.41779
999 _c49407
_d49407